|
|
|
|
| LEADER |
00000nam a22000007a 4500 |
| 005 |
20210426230720.0 |
| 007 |
cr|||| ||| |
| 008 |
210426s2011 co |||||s|||| 00||0 spa d |
| 020 |
|
|
|a 978-958-665-182-0
|
| 035 |
|
|
|a 33189
|
| 040 |
|
|
|a vLex
|
| 090 |
|
|
|c 11533
|d 11533
|
| 100 |
1 |
|
|a Gonzl̀ez Ordovs̀, Mara̕ Još
|
| 245 |
1 |
0 |
|a Conflicto armado interno, derechos humanos e impunidad
|h [Recurso electrn̤ico] /
|c Mara̕ Jos ̌Gonzl̀ez Ordovs̀, Gloria Mara̕ Gallego Garca̕
|
| 256 |
|
|
|a Servicio en ln̕ea
|
| 260 |
|
|
|a Bogot:̀
|b Siglo del Hombre Editores,
|c 2011
|
| 300 |
|
|
|a 1 recurso electrn̤ico
|
| 500 |
|
|
|a El presente libro constituye un hito en la historia del trabajo mancomunado de los investigadores de las Facultades de Derecho de las Universidades de Zaragoza (Espaą) y EAFIT (Colombia) y un paso importante en el esfuerzo comn︢ por ahondar en el anl̀isis del conflicto armado que se vive en Colombia, las violaciones de los derechos humanos y el diseǫ de mecanismos de proteccin̤ internacional, todo ello con el compromiso de profundizar en la ln̕ea de investigacin̤ y de aportar un conocimiento que llegue a los distintos a los distintos espacios acadm̌icos, instituciones y organizaciones relacionadas con la defensa de los derechos humanos y con la bs︢queda de una negociacin̤.
|
| 506 |
1 |
|
|a Disponible solo en los productos indicados
|d vLex Global
|d vLex Global (Academic Edition, excluding Law Schools)
|d vLex Global (U.S. Academic Edition, Law Schools)
|d vLex Global (U.S. Academic Edition, excluding Law Schools)
|d vLex Global (Academic Edition, Law Schools)
|
| 650 |
0 |
4 |
|a Derecho Constitucional
|z Colombia
|
| 700 |
1 |
|
|a Gallego Garca̕, Gloria Mara̕
|
| 740 |
0 |
|
|a vLex Libros (Servicio en ln̕ea)
|
| 856 |
4 |
0 |
|u https://vlex.com/source/conflicto-armado-interno-derechos-humanos-e-impunidad-33189
|z Acceso restringido
|
| 942 |
|
|
|c BOOK
|
| 999 |
0 |
|
|a Constitutional right
|